Detalles MARC
| 000 -LÍDER |
| Campo fijo de descripción fija |
01947camaa2200445 i 4500 |
| 001 - NÚMERO DE CONTROL |
| Campo de control |
768714001 |
| 003 - IDENTIFICADOR DEL NÚMERO DE CONTROL |
| Campo de control |
CO-MdFUSB |
| 005 - FECHA Y HORA DE LA ULTIMA TRANSACCIÓN |
| control field |
20230516104026.0 |
| 007 - CAMPO FIJO DE DESCRIPCIÓN FIJA--INFORMACIÓN GENERAL |
| Campo fijo de descripción fija |
ta |
| 008 - ELEMENTOS DE LONGITUD FIJA -- INFORMACIÓN GENERAL |
| Campo fijo de descripción fija -- Información general |
160930t20122015xxu||||| |||| 00| 0 eng d |
| 020 ## - NÚMERO INTERNACIONAL NORMALIZADO PARA LIBROS |
| Número Internacional Normalizado del libro |
978-0-8010-4836-4 |
| Términos de disponibilidad |
(Vol.1) |
| 020 ## - NÚMERO INTERNACIONAL NORMALIZADO PARA LIBROS |
| Número Internacional Normalizado del libro |
978-0-8010-4837-1 |
| Términos de disponibilidad |
(Vol. 2) |
| 020 ## - NÚMERO INTERNACIONAL NORMALIZADO PARA LIBROS |
| Número Internacional Normalizado del libro |
9780801048388 |
| Términos de disponibilidad |
(Vol.3) |
| 020 ## - NÚMERO INTERNACIONAL NORMALIZADO PARA LIBROS |
| Número Internacional Normalizado del libro |
978801048395 |
| Términos de disponibilidad |
(Vol.4) |
| 040 ## - FUENTE DE CATALOGACIÓN |
| Agencia de catalogación original |
CO-MdFUSB |
| Idioma de catalogación |
Español |
| Agencia que realiza la transcripción |
CO-MdFUSB |
| Agencia que realiza la modificación |
CO-MdFUSB |
| Convenciones de la descripción |
rda |
| 041 ## - CÓDIGO DE IDIOMA |
| Código de idioma para texto/pista de sonido o título separado |
eng |
| 082 ## - NÚMERO DE CLASIFICACIÓN DECIMAL DEWEY |
| Número de la edición del Dewey |
23 |
| Número de clasificación |
226.607 |
| Clave de autor-Numero de item |
K266a |
| 100 1# - ASIENTO PRINCIPAL--NOMBRE PERSONAL |
| Nombre personal |
Keener, Craig S. |
| Fechas asociadas con el nombre |
autor |
| 245 10 - TÍTULO |
| Título del Material |
Acts : |
| Parte restante del título - Subtitulo |
an exegetical commentary |
| Mención de responsabilidad, etc. |
/ Craig S. Keener |
| 264 #1 - PRODUCCIÓN, PUBLICACIÓN, DISTRIBUCIÓN, MANUFACTURA, Y COPYRIGHT |
| Lugar de producción, publicación, distribución, manufactura |
Grand Rapids, Michigan : |
| Nombre del productor, publicador, distribuidor |
Baker Academic, |
| Fecha de producción, publicación, distribución, manufactura, o copyright |
[2012] |
| 264 #4 - PRODUCCIÓN, PUBLICACIÓN, DISTRIBUCIÓN, MANUFACTURA, Y COPYRIGHT |
| Fecha de producción, publicación, distribución, manufactura, o copyright |
©2012 - 2013 |
| 300 ## - DESCRIPCIÓN FÍSICA |
| Extensión |
4 CD-ROM |
| Material acompañante |
+ 4 volumenes |
| 336 ## - CONTENT TYPE |
| Source |
rdacontent |
| Content type term |
texto |
| Content type code |
txt |
| 337 ## - MEDIA TYPE |
| Source |
rdamedia |
| Media type term |
Computadora |
| Media type code |
c |
| 338 ## - CARRIER TYPE |
| Source |
rdacarrier |
| Carrier type term |
volumen |
| Carrier type code |
nc |
| 500 ## - NOTA GENERAL |
| Nota General |
Material acompañante en Colección de Referencia con signatura: R 226.607 K266a |
| 501 ## - NOTA DE “CON” |
| Nota de Contenido |
Pasta dura |
| 505 01 - NOTA DE CONTENIDO |
| Título |
Volumen 1: |
| Nota de contenido con formato preestablecido |
Trabajos, citas e índices para la Introducción y 1:1-2:47. |
| 505 01 - NOTA DE CONTENIDO |
| Título |
Volumen 2: |
| Nota de contenido con formato preestablecido |
Trabajos, citas e índices para los volúmenes 1 y 2: (Hechos: 1:1-14:28. |
| 505 01 - NOTA DE CONTENIDO |
| Título |
Volumen 3: |
| Nota de contenido con formato preestablecido |
Trabajos, citas e índices. Volumen 1 - 3 (Hechos 1: 1-23:35). |
| 505 01 - NOTA DE CONTENIDO |
| Título |
Volumen 4 |
| Nota de contenido con formato preestablecido |
Trabajos, citas e índices para los volúmenes 1-4 (Hechos 1:1-28:31). |
| 650 #7 - ASIENTO SECUNDARIO DE MATERIA - TERMINO TEMÁTICO |
| 9 (RLIN) |
404 |
| Término temático o nombre geográfico como elemento de entrada |
Hechos de los Apostoles (Apócrifos) |
| Subdivisión general |
Crítica, interpretación, etc. |
| 773 0# - HOST ITEM ENTRY |
| Host Biblionumber |
47205 |
| Host Itemnumber |
56528 |
| Main entry heading |
Keener, Craig S. |
| Other item identifier |
20105 |
| Title |
Acts : |
| Record control number |
(CO-MdFUSB)20854 |
| International Standard Book Number |
978-0-8010-4836-4 (Vol.1) |
| 773 0# - HOST ITEM ENTRY |
| Host Biblionumber |
47205 |
| Host Itemnumber |
56529 |
| Main entry heading |
Keener, Craig S. |
| Other item identifier |
20106 |
| Title |
Acts : |
| Record control number |
(CO-MdFUSB)20854 |
| International Standard Book Number |
978-0-8010-4837-1 (Vol. 2) |
| 773 0# - HOST ITEM ENTRY |
| Host Biblionumber |
47205 |
| Host Itemnumber |
76055 |
| Main entry heading |
Keener, Craig S. |
| Other item identifier |
21950 |
| Title |
Acts : |
| Record control number |
(CO-MdFUSB)20854 |
| International Standard Book Number |
(Vol.3) |
| 773 0# - HOST ITEM ENTRY |
| Host Biblionumber |
47205 |
| Host Itemnumber |
76056 |
| Main entry heading |
Keener, Craig S. |
| Other item identifier |
21951 |
| Title |
Acts : |
| Record control number |
(CO-MdFUSB)20854 |
| International Standard Book Number |
(Vol.4) |
| 942 ## - TIPO DE MATERIAL (KOHA) |
| Tipo de Item KOHA |
Materiales Audiovisual |